[Event "Vrsar op"]
[Site "Vrsar"]
[Date "2025.04.30"]
[Round "3"]
[White "Pokrovac, Josip"]
[Black "Vlajcevic, Matilda"]
[Result "1-0"]
[WhiteElo "1823"]
[BlackElo "1776"]
[PlyCount "59"]
[EventDate "2025.04.28"]
[EventType "swiss"]
[EventRounds "9"]
[EventCountry "CRO"]
[SourceTitle "CB19_2025"]
[SourceDate "2025.05.07"]
[SourceVersion "1"]
[SourceVersionDate "2025.05.07"]
[SourceQuality "1"]

1. b3 Nf6 2. Bb2 e6 3. e3 b6 4. Nf3 Bb7 5. Be2 Be7 6. c4 d5 7. a3 Nbd7 8. d3 c5 9. Nbd2 Qc7 10. d4 Rg8 11. Qc2 0-0-0 12. 0-0-0 h6 13. Kb1 Ng4 14. Rdf1 Kb8 15. h3 Ngf6 16. Rc1 Rc8 17. Bd3 Qd8 18. Ka2 cxd4 19. exd4 dxc4 20. bxc4 Nd5 21. Rhd1 Nf4 22. Bf1 b5 23. g3 Nh5 24. Ka1 Qa5 25. Qb3 b4 26. c5 Nxc5 27. dxc5 Bxc5 28. Nc4 Bd5 29. Rxd5 Qc7 30. Be5 1-0